| 000 | 00865nam a2200301 a 4500 | ||
|---|---|---|---|
| 003 | AR-BaBNM | ||
| 005 | 20251128210342.0 | ||
| 008 | 082120s2002 ||||||||||||||000 | spa|| | ||
| 020 | _a987-506-029-1 | ||
| 040 | _cAR-BaBNM | ||
| 100 | 1 | _aPérez Serrano, Gloria | |
| 245 | 0 | 0 |
_aAprender a convivir _bestrategias de educación en valores |
| 250 | _a1ª ed. | ||
| 260 |
_aBuenos Aires _bDocencia _c1999 |
||
| 300 |
_a240 p. _btablas |
||
| 504 | _aContiene bibliografía p. 235-240 | ||
| 650 | 4 | _aROL DEL DOCENTE | |
| 650 | 4 | _aDERECHOS HUMANOS | |
| 650 | 4 | _aEDUCACION PARA LA PAZ | |
| 650 | 4 | _aMETODOS DE ENSEÑANZA | |
| 653 | _aTEMAS TRANSVERSALES | ||
| 653 | _aFORMACION ETICA Y CIUDADANA | ||
| 653 | _aEDUCACION EN VALORES | ||
| 653 | _aEDUCACION PARA LA CONVIVENCIA | ||
| 653 | _aEDUCACION EN LA DIVERSIDAD | ||
| 942 | _cBK | ||
| 998 | _cRaquel | ||
| 999 |
_c15092 _d15092 |
||